000 00864nam a2200277 i 4500
001 000028615
003 DO-SdBNP
005 20250721110843.0
007 ta
008 250721s1986 dr a 000 j spa d
040 _aDO-SdBNP
_bspa
_cBNPHU
_erda
041 _asp
082 _axxx
_bC679s
_222
100 1 _aCoiscou Weber, Rodolfo,
_d1924-
_eautor
_922552
245 1 0 _aSe están comiendo a Margarita y otros canibalismos :
_bcuentos, vivencias poemas /
_cRodolfo Coiscou Weber.
250 _aPrimera edición
264 _aSanto Domingo :
_bCasa Weber,
_c1986.
300 _a71 paginas. :
_bilustraciones ;
_c21 cm.
336 _ardacontent
_btexto
_2txt
337 _ardamedia
_bsin mediación
_2n
338 _ardacarrier
_bvolumen
_2nc
490 1 _aAntología de nuestra voz
_v23
590 _aInventariado, 2025 /DG
910 _aDG
942 _2ddc
_cLBS1
999 _c59590
_d59590